00490nam a2200169Ia 4500020001800000082002000018245006200038260004100100300001500141504001900156650003000175650002500205650002900230650001300259700002800272700002000300 a9788132101482 a363.348082 WOM- 0aWomen, gender and disaster: global issues and initiatives aLos AngelesbSage Publicationsc2009 axviii, 380 aincludes index aDisastersvSocial aspects aEmergency management aWomenvSocial conditions aSex role aChakrabarti, P. G. Dhar aEnarson, Elaine